000 00358 a2200109 4500
001 ART_2544
005 20260410161727.0
008 260409a
245 1 0 _a¿Pueden exportarse las técnicas de administración de empresas?
100 1 _aNewman, William H.
773 0 _tAdministración de empresas
_g- Año 4, Nº 39 (jun. 1973)
_wREV2036
999 _c17498
_d17498